[Event "Corporation Centre Cup"]
[Site "Izhevsk RUS"]
[Date "2010.07.15"]
[Round "1"]
[White "Pershina,E"]
[Black "Kozlitin,R"]
[Result "0-1"]
[WhiteElo "2028"]
[BlackElo "2378"]

1.c4 e5 2.g3 f5 3.d4 e4 4.Nc3 Nf6 5.Nh3 Be7 6.Bg5 c6 7.Bg2 O-O 8.O-O Na6
9.a3 Nc7 10.f3 exf3 11.exf3 d5 12.c5 Ne6 13.Be3 Nh5 14.f4 Nf6 15.Nf2 Re8
16.Bh3 g6 17.Nd3 Ne4 18.Ne5 N4xc5 19.b4 Nd7 20.Qd3 Nxe5 21.fxe5 Bg5 22.Bxg5 Qxg5
23.Ne2 b6 24.Ra2 Bb7 25.Nf4 a5 26.Nxe6 Rxe6 27.Rff2 Ba6 28.Qc3 Bc4 29.Ra1 Ree8
30.Rf4 Qe7 31.Bf1 axb4 32.axb4 Rxa1 33.Qxa1 Qxb4 34.Qa7 Bxf1 35.Kxf1 Qb5+
36.Kg2 c5 37.dxc5 bxc5 38.Rh4 h5 39.Ra4 Qe2+ 40.Kh3 g5 41.Ra1 Qg4+ 42.Kg2 Qe4+
43.Kh3 Qxe5 44.Ra6 g4+ 45.Kh4 Qe7+ 46.Kxh5 Qxa7 47.Rxa7 Rc8 48.Kg6 c4 49.Kxf5 c3
50.Ra1 Re8 51.Rd1 Rd8 52.Rc1 d4 53.Kxg4 d3 54.Rxc3 d2 55.Rc5 d1=Q+  0-1

[Event "Open A"]
[Site "Oberwart AUT"]
[Date "2010.07.16"]
[Round "4"]
[White "Stanec,N"]
[Black "Sandhoefner,F"]
[Result "1-0"]
[WhiteElo "2548"]
[BlackElo "2229"]

1.c4 e5 2.g3 Nf6 3.Bg2 d5 4.cxd5 Nxd5 5.Nf3 Nc6 6.d3 Be7 7.O-O O-O 8.a3 Be6
9.b3 f6 10.Bb2 Qd7 11.Re1 Rfd8 12.Nbd2 Nb6 13.Qc2 Bd5 14.Rac1 Rac8 15.Ne4 Na5
16.Ned2 c5 17.Red1 Qe6 18.Nc4 Naxc4 19.dxc4 Bc6 20.Nh4 e4 21.Bf1 Rxd1 22.Rxd1 Rd8
23.Rxd8+ Bxd8 24.Ng2 Bc7 25.Bc1 g5 26.h4 h6 27.hxg5 hxg5 28.Ne3 Nc8 29.Bg2 Ne7
30.Nd1 Nf5 31.e3 Nd6 32.Bb2 a6 33.a4 a5 34.Nc3 b6 35.Qd1 g4 36.Nd5 Bd8 37.Nf4 Qd7
38.Nh5 Kf7 39.Bf1 Ne8 40.Qc1 Kg6 41.Nf4+ Kg5 42.Be2 Bc7 43.Kg2 Bxf4 44.gxf4+ Kg6
45.Qh1 Qd2 46.Bxg4 Qxb2 47.Qh8 Ng7 48.Qg8 f5 49.Bh5+  1-0

[Event "Corporation Centre Cup"]
[Site "Izhevsk RUS"]
[Date "2010.07.17"]
[Round "3"]
[White "Pershina,E"]
[Black "Ospennikov,D"]
[Result "0-1"]
[WhiteElo "2028"]
[BlackElo "2230"]

1.c4 e5 2.g3 Nf6 3.Bg2 Nc6 4.Nc3 Bb4 5.e3 O-O 6.Nge2 d6 7.O-O Bf5 8.d4 Bxc3
9.Nxc3 exd4 10.exd4 Nb4 11.a3 Nd3 12.b3 Nxc1 13.Rxc1 Qc8 14.Re1 c6 15.d5 c5
16.Ne4 Bxe4 17.Bxe4 Re8 18.Qd3 a5 19.Bf5 Qc7 20.h4 Re7 21.Kg2 Rae8 22.Qd2 Re5
23.Rxe5 dxe5 24.b4 axb4 25.axb4 b6 26.bxc5 Qxc5 27.Qb2 g6 28.Bh3 Ne4 29.Bd7 Rd8
30.Bc6 f6 31.f3 Nd6 32.Qa2 Qe3 33.Qb2 f5 34.Rc2 e4 35.f4 Qd3 36.Rc3 Qd4 37.Qb3 Kg7
38.Qa3 Kf6 39.c5 bxc5 40.Qxc5 Qxc5 41.Rxc5 Rb8 42.Rc2 h6 43.Kf2 Rb3 44.Bd7 Rd3
45.Bc6 g5 46.hxg5+ hxg5 47.fxg5+ Kxg5 48.Re2 Rf3+ 49.Kg2 Kg4 50.Bd7 Rxg3+
51.Kh2 Rd3 52.Be6 Kf3 53.Rg2 e3 54.Rg3+ Ke4 55.Kg2 e2  0-1

[Event "Corporation Centre Cup"]
[Site "Izhevsk RUS"]
[Date "2010.07.18"]
[Round "4"]
[White "Karpov,Va"]
[Black "Bronnikov,K1"]
[Result "1/2-1/2"]
[WhiteElo "2383"]
[BlackElo "2232"]

1.c4 e5 2.g3 c6 3.d4 exd4 4.Qxd4 d5 5.cxd5 cxd5 6.Bg2 Nf6 7.Nf3 Nc6 8.Qd1 Be7
9.O-O O-O 10.Nbd2 Qb6 11.Nb3 Be6 12.Be3 Qa6 13.Nc5 Bxc5 14.Bxc5 Rfd8 15.Nd4 Nxd4
16.Bxd4 Ne4 17.e3 Rac8 18.Re1 b6 19.Bf1 Qb7 20.Qh5 f6 21.Rec1 Rxc1 22.Rxc1 Rc8
23.Qd1 Rxc1 24.Qxc1 Qc8 25.Qxc8+ Bxc8 26.f3 Nd6 27.Kf2 Kf7 28.b3 Bf5 29.b4 Bc2
30.g4 g6 31.h4 Nc4 32.e4 Nd2 33.exd5 Nxf1 34.Kxf1 Bd3+ 35.Kf2 Bc4 36.a3 Bxd5
37.Ke3 g5 38.h5 Ke6 39.f4 gxf4+ 40.Kxf4 Bb3 41.Bf2 Bd1 42.Bd4  1/2-1/2

[Event "Corporation Centre Cup"]
[Site "Izhevsk RUS"]
[Date "2010.07.19"]
[Round "5"]
[White "Pershina,E"]
[Black "Galimzianova,A"]
[Result "1/2-1/2"]
[WhiteElo "2028"]
[BlackElo "1919"]

1.c4 e5 2.g3 Nf6 3.Bg2 d5 4.cxd5 Nxd5 5.Nc3 Nb6 6.Nf3 Nc6 7.a3 Be7 8.b4 Be6
9.O-O O-O 10.d3 a5 11.b5 Nd4 12.Rb1 Nxf3+ 13.Bxf3 Nd5 14.Qc2 Rc8 15.e4 Nf6
16.Rd1 c6 17.b6 Nd7 18.Na4 c5 19.Be2 Nb8 20.Be3 Nc6 21.Qb2 Nd4 22.Nc3 Rc6
23.a4 Qd7 24.Nb5 Rxb6 25.Bxd4 cxd4 26.Rdc1 Rc6 27.Rxc6 bxc6 28.Na3 Bb4 29.Bd1 Qe7
30.Nc2 Rb8 31.Qc1 Bd6 32.Rxb8+ Bxb8 33.Qb2 Bd6 34.Qb6 Qc7 35.Qa6 h6 36.Ne1 Bb4
37.Ng2 c5 38.f4 c4 39.f5 Bc8 40.Qxc4 Qxc4 41.dxc4 Ba6 42.Be2 Kf8 43.Kf1 Ke7
44.Ne1 Kd7 45.Nd3 f6 46.Nc1 Bb7 47.Bd3 Bc6 48.Bc2 Kd6 49.Ke2 Kc5 50.Kd3 Ba3
51.Na2 Bb7 52.Bb3 Ba6 53.g4 Bb4 54.Nc1 Be1 55.Ke2 Bc3 56.Nd3+ Kd6 57.Kf3 Kc6  1/2-1/2

[Event "Corporation Centre Cup"]
[Site "Izhevsk RUS"]
[Date "2010.07.19"]
[Round "5"]
[White "Volodin,I"]
[Black "Shcherbakov,R"]
[Result "0-1"]
[WhiteElo "2257"]
[BlackElo "2516"]

1.c4 e5 2.g3 Nf6 3.Bg2 c6 4.d4 exd4 5.Qxd4 d5 6.Nf3 Be6 7.cxd5 cxd5 8.O-O Nc6
9.Qa4 Bc5 10.Nc3 O-O 11.Bg5 h6 12.Bf4 Rc8 13.e3 Qe7 14.Rfd1 Rfd8 15.Rac1 Bb6
16.h3 Nh5 17.g4 Nxf4 18.Qxf4 g5 19.Qa4 Qf6 20.Rd2 Na5 21.Rcd1 Nc4 22.Nxd5 Rxd5
23.Rxd5 Nxb2 24.Qe4 Nxd1 25.Rxd1 Bxa2 26.Qxb7 Rd8 27.Rxd8+ Qxd8 28.Qc6 Be6
29.Ne5 Bc7 30.Qe4 Qd1+ 31.Kh2 Qe1 32.Kg3 Qc3 33.f4 gxf4+ 34.Kxf4 Qb2  0-1

[Event "Open A"]
[Site "Oberwart AUT"]
[Date "2010.07.19"]
[Round "7"]
[White "Fauland,A"]
[Black "Palac,M"]
[Result "0-1"]
[WhiteElo "2406"]
[BlackElo "2562"]

1.c4 e5 2.g3 Nf6 3.Bg2 d5 4.cxd5 Nxd5 5.Nf3 Nc6 6.O-O Nb6 7.d3 Be7 8.Nbd2 O-O
9.a3 a5 10.b3 Be6 11.Bb2 f6 12.Qc2 Qd7 13.Rfd1 Rfd8 14.Nc4 Qe8 15.Nfd2 Nd5
16.Ne3 Nxe3 17.fxe3 Qh5 18.Bf3 Qh6 19.Nf1 Qg6 20.Be4 Qf7 21.Nd2 Bd5 22.Bxd5 Rxd5
23.Qc4 Bc5 24.Nf1 Re8 25.Kg2 e4 26.Rdc1 f5 27.d4 Be7 28.Bc3 Qe6 29.Be1 Bd6
30.b4 axb4 31.axb4 Ne7 32.Ra5 b6 33.Ra7 b5 34.Qa2 Nc8 35.Ra6 Nb6 36.Nd2 Qf7
37.Nb1 Nc4 38.Rxc4 bxc4 39.Nc3 f4 40.Nxd5 f3+ 41.exf3 exf3+ 42.Kf2 Qxd5 43.Bd2 Qh5
44.Qxc4+ Kh8 45.h4 Qg4 46.Rxd6 Qh3 47.Qf1 Qh2+ 48.Kxf3 cxd6  0-1

[Event "Open A"]
[Site "Oberwart AUT"]
[Date "2010.07.20"]
[Round "8"]
[White "Veszpremi,A"]
[Black "Kummer,Hel"]
[Result "0-1"]
[WhiteElo "2272"]
[BlackElo "2351"]

1.c4 e5 2.g3 Nf6 3.Bg2 Nc6 4.Nc3 g6 5.d3 Bg7 6.Nf3 O-O 7.O-O Re8 8.Rb1 Nd4
9.Bd2 c6 10.Nxd4 exd4 11.Ne4 Nxe4 12.Bxe4 d6 13.Bf3 Bh3 14.Re1 Qd7 15.b4 a6
16.a4 Bg4 17.Bxg4 Qxg4 18.e4 h5 19.Kg2 Qd7 20.f4 b5 21.cxb5 axb5 22.a5 c5
23.Qb3 Rab8 24.Qd5 Qe6 25.Qxe6 fxe6 26.Rec1 Rec8 27.e5 c4 28.exd6 c3 29.Be1 Rd8
30.Bf2 Rxd6 31.Rc2 Kf7 32.Kf3 Ke7 33.Ke4 Kd7 34.Ra1 Re8 35.a6 e5 36.a7 exf4+
37.Kf3 Ra8 38.gxf4 Bf6 39.Ke4 Re8+ 40.Kf3 Ra8 41.Ke4 Ke6 42.Ra5 Kf7 43.f5 gxf5+
44.Kxf5 Rd5+ 45.Ke4 Re5+ 46.Kf4 Re7 47.Rxb5 Rexa7 48.Rf5 Ra1 49.Rxf6+ Kxf6
50.Bxd4+ Ke6 51.Re2+ Kf7 52.Bxc3 R1a3 53.Bd4 Rxd3 54.Bc5 Rg8 55.Ke4 Rd1 56.Rf2+ Ke6
57.Re2 Rg4+ 58.Kf3+ Kf5 59.Rf2 Re1 60.Be3 Rb1 61.Bc5 Rb3+ 62.Ke2+ Ke4 63.Kf1 Rb1+
64.Ke2 h4 65.Kd2 h3 66.Kc3 Rg2 67.Rf8 Rxh2 68.Re8+ Kd5 69.Rd8+ Ke6 70.Rh8 Rhb2
71.Rh6+ Kf5 72.Bd6 Kg4 73.Kc4 Rf2 74.Kb5 Rf5+ 75.Kb6 Rbf1 76.Kc7 Rf7+ 77.Kc6 R7f6
78.Rh8 Rd1  0-1

[Event "Open A"]
[Site "Oberwart AUT"]
[Date "2010.07.21"]
[Round "9"]
[White "Wagner,Stef AUT"]
[Black "Odor,I"]
[Result "1-0"]
[WhiteElo "2159"]
[BlackElo "2006"]

1.c4 e5 2.g3 Nf6 3.Bg2 Nc6 4.Nc3 Bc5 5.a3 a5 6.e3 O-O 7.Nge2 Re8 8.O-O d6
9.d4 Ba7 10.h3 Qe7 11.b3 Bf5 12.Bb2 Rad8 13.Rc1 h6 14.Nd5 Nxd5 15.cxd5 Nb8
16.Qd2 Bb6 17.Rfd1 Nd7 18.dxe5 Nxe5 19.Qc3 f6 20.Nd4 Bd7 21.Ne6 Bxe6 22.dxe6 c6
23.f4 Ng6 24.f5 Ne5 25.Qe1 Rf8 26.Bd4 Bc7 27.b4 axb4 28.axb4 d5 29.Bc5 Bd6
30.Qc3 Nc4 31.Bxd6 Rxd6 32.Rxd5 Rfd8 33.Qxc4 Rxd5 34.Qe4 Rxf5 35.g4 g6 36.h4 Rg5
37.Qe5 Kh7 38.Kf1 f5 39.Qf4 Qxe6 40.Qc7+  1-0

[Event "3rd Open"]
[Site "Paleochora GRE"]
[Date "2010.07.24"]
[Round "4"]
[White "Delis,G"]
[Black "Goumas,G"]
[Result "0-1"]
[WhiteElo "1934"]
[BlackElo "2298"]

1.g3 e5 2.c4 d6 3.Bg2 Be7 4.Nc3 f5 5.Nd5 Nf6 6.Nxe7 Qxe7 7.d3 O-O 8.e3 f4
9.Nf3 fxg3 10.hxg3 Bg4 11.Qc2 Nc6 12.O-O Nb4 13.Qd2 Nxd3 14.Nh2 e4 15.b3 Ne5
16.Nxg4 Nexg4 17.Bb2 Rae8 18.Rae1 Ne5 19.Bxe5 Qxe5 20.Qd4 Qh5 21.f3 Kh8 22.b4 Qg5
23.Kh2 Nh5  0-1

[Event "Tch-POR 1st Div Final"]
[Site "Vila Nova de Gaia POR"]
[Date "2010.07.24"]
[Round "1.1"]
[White "Silva,An"]
[Black "Cordovil,J"]
[Result "1-0"]
[WhiteElo "2240"]
[BlackElo "2224"]

1.c4 e5 2.g3 Nf6 3.Bg2 d5 4.cxd5 Nxd5 5.Nc3 c6 6.Nf3 Nxc3 7.bxc3 Bd6 8.O-O O-O
9.Rb1 Qe7 10.d3 Nd7 11.Nd2 Rd8 12.Nc4 Bc5 13.Qc2 Nb6 14.Na5 Be6 15.c4 Rd7
16.Nb3 Ba3 17.Bd2 Rc8 18.Qc3 e4 19.Bxe4 Bxc4 20.Nd4 Rxd4 21.Qxd4 Bxa2 22.Ra1 Bc5
23.Qb2 Be6 24.Bc3 f5 25.Bf3 Nd5 26.Bd4 Bxd4 27.Qxd4 b6 28.Rfc1 Kf7 29.Qe5 Qc7
30.Qd4 Qe7 31.e4 c5 32.Qa4 Nb4 33.exf5 Bxf5 34.d4 a5 35.Re1 Qd7 36.Qa2+ Be6
37.Qe2 Bf5 38.dxc5 Rxc5 39.Be4 Bxe4 40.Qxe4 g6 41.Rad1 Rd5 42.Rxd5 Qxd5 43.Qe8+ Kg7
44.Re7+ Kf6 45.Qf8+ Kg5 46.Qf4+  1-0

[Event "Tch-POR 1st Div Final"]
[Site "Vila Nova de Gaia POR"]
[Date "2010.07.25"]
[Round "2.1"]
[White "Neves,P"]
[Black "Diogo,V"]
[Result "1-0"]
[WhiteElo "2084"]
[BlackElo "2293"]

1.c4 e5 2.g3 Nc6 3.Bg2 g6 4.Nc3 Bg7 5.e4 Nge7 6.Nge2 d6 7.O-O Be6 8.Nd5 O-O
9.d3 f5 10.Be3 h6 11.Qd2 Kh7 12.f4 Qd7 13.Rf2 Rae8 14.Raf1 Nd4 15.fxe5 dxe5
16.Bxd4 exd4 17.Nef4 Bg8 18.Nxe7 Qxe7 19.exf5 gxf5 20.Re2 Qd6 21.Rfe1 Re3
22.Kh1 c6 23.b3 Rxe2 24.Qxe2 Bf7 25.Bh3 Qf6 26.Qf3 Re8 27.Rxe8 Bxe8 28.Nh5 Bxh5
29.Qxh5 f4 30.Bf5+ Kg8 31.gxf4 Kf8 32.Qg4 Ke7 33.Kg2 Kd8 34.Kf3 Qe7 35.Be4 Kc7
36.c5 a5 37.a3 Bf6 38.Qh5 Bg7 39.b4 axb4 40.axb4 Kb8 41.Qg6 Qd7 42.Bf5 Qe7
43.Be4 Qd7 44.f5 Qe7 45.Kg4 Ka7 46.h4 Ka6 47.Bxc6 bxc6 48.Qxc6+ Ka7 49.Qb6+ Ka8
50.Qe6 Qb7 51.Qe8+ Ka7 52.c6 Qc7 53.Kh5 Kb6 54.Kg6 Qg3+ 55.Kh7 Be5 56.Qd7 Bc7
57.Qxd4+ Kxc6 58.f6 Be5 59.Qe4+ Kd6 60.Qg6 Qf3 61.f7+ Ke7 62.Kxh6 Qf2 63.Qg5+ Kf8
64.Qg8+ Ke7 65.Qe8+ Kd6 66.f8=Q+  1-0

[Event "3rd Open"]
[Site "Paleochora GRE"]
[Date "2010.07.26"]
[Round "6"]
[White "Georgiou,Ko"]
[Black "Batsiashvili,N"]
[Result "1/2-1/2"]
[WhiteElo "2248"]
[BlackElo "2383"]

1.c4 e5 2.g3 g6 3.Bg2 Bg7 4.Nc3 Nc6 5.e4 d6 6.Nge2 Nge7 7.O-O O-O 8.d3 Bg4
9.h3 Be6 10.Nd5 Qd7  1/2-1/2

[Event "ch-AUT"]
[Site "Vienna AUT"]
[Date "2010.07.26"]
[Round "3"]
[White "Fauland,A"]
[Black "Dueckstein,A"]
[Result "1/2-1/2"]
[WhiteElo "2406"]
[BlackElo "2254"]

1.c4 e5 2.g3 Nf6 3.Bg2 d5 4.cxd5 Nxd5 5.Nf3 Nc6 6.O-O Be7 7.d4 exd4 8.Nxd4 Nxd4
9.Qxd4 Nf6 10.Qa4+ c6 11.Be3 O-O 12.Rd1 Qc7 13.Nc3 Be6 14.Rac1 Rfd8 15.Bd4 a6
16.b4 Rd7 17.b5 c5 18.Bxf6 Bxf6 19.Nd5 Bxd5 20.Bxd5 Rad8 21.bxa6 bxa6 22.e4 Qa7
23.Rb1 g6 24.Rd3 c4 25.Qxc4 Rc7 26.Qa4 Kg7 27.Kg2 Rdd7 28.Rbd1 Rc3 29.f4 Rxd3
30.Rxd3 Rc7 31.e5 Be7 32.Rd1  1/2-1/2

[Event "ch-AUT"]
[Site "Vienna AUT"]
[Date "2010.07.27"]
[Round "4"]
[White "Steiner,B"]
[Black "Kummer,Hel"]
[Result "0-1"]
[WhiteElo "2233"]
[BlackElo "2351"]

1.c4 e5 2.g3 Nf6 3.Bg2 d5 4.cxd5 Nxd5 5.Nc3 Nb6 6.Nf3 Nc6 7.O-O Be7 8.a3 O-O
9.b4 Be6 10.Rb1 f6 11.d3 a5 12.b5 Nd4 13.Ne1 Qc8 14.e3 Nf5 15.f4 exf4 16.Rxf4 Nd6
17.Na4 Nxa4 18.Qxa4 f5 19.g4 fxg4 20.e4 c6 21.bxc6 bxc6 22.Rxf8+ Bxf8 23.d4 Nb5
24.Bd2 Qd8 25.Be3 Rc8 26.d5 Nc3 27.Qb3 cxd5 28.Rb2 a4 29.Qb7 Nxe4 30.Nc2 Qd7
31.Nd4 Qxb7 32.Rxb7 Bf7 33.Ra7 Bc5 34.Rxa4 Nc3 35.Ra8 Rxa8  0-1

[Event "IM"]
[Site "Szombathely HUN"]
[Date "2010.07.29"]
[Round "3"]
[White "Farkas,Ti"]
[Black "Lakos,N"]
[Result "1/2-1/2"]
[WhiteElo "2246"]
[BlackElo "2279"]

1.c4 e5 2.g3 c6 3.d4 Bb4+ 4.Bd2 Bxd2+ 5.Qxd2 d6 6.Nc3 Nf6 7.Bg2 Qe7 8.e4 O-O
9.Nge2 a6 10.d5 c5 11.a4 Ne8 12.O-O  1/2-1/2

[Event "Tch-POR 1st Div Final"]
[Site "Vila Nova de Gaia POR"]
[Date "2010.07.29"]
[Round "6.6"]
[White "Andrade,Le"]
[Black "Cruz,P"]
[Result "1-0"]
[WhiteElo "2238"]
[BlackElo "2112"]

1.c4 e5 2.g3 Nc6 3.Bg2 g6 4.Nc3 Bg7 5.Rb1 d6 6.b4 Nf6 7.e3 Bf5 8.d3 Qd7 9.h3 O-O
10.b5 Nd8 11.Nge2 c6 12.e4 Be6 13.Be3 h6 14.Qd2 Kh7 15.g4 Ng8 16.Ng3 Ne7
17.bxc6 bxc6 18.Nd5 cxd5 19.exd5 Bxd5 20.cxd5 f5 21.gxf5 gxf5 22.f4 exf4
23.Bxf4 Ng6 24.O-O Nf7 25.Kh1 Rab8 26.Nh5 Nxf4 27.Nxf4 Rxb1 28.Rxb1 Be5 29.Ne6 Rg8
30.Qf2 Ng5 31.Qxf5+ Kh8 32.Rc1 Nxe6 33.dxe6 Qg7 34.Be4 d5 35.d4 Bxd4 36.Bxd5 Rf8
37.Qe4 Bc5 38.Re1 Qg3 39.Qe5+ Qxe5 40.Rxe5 Rf1+ 41.Kg2 Rg1+ 42.Kf3 Rg7 43.Bb3 Bb4
44.Rb5 Bd6 45.Rd5 Be7 46.Rd7 Bg5 47.Rd1 Rc7 48.Ke4 Kg7 49.Ke5 Kf8 50.Rf1+ Ke7
51.Rf7+ Kd8 52.Kd6 Rxf7 53.exf7 Be7+ 54.Ke6 Bf8 55.Kf6 Kd7 56.h4 Kd6 57.h5  1-0

[Event "111th US Open"]
[Site "Irvine USA"]
[Date "2010.07.31"]
[Round "1"]
[White "Tanaka,C"]
[Black "Finneran,Michael"]
[Result "0-1"]
[WhiteElo "2128"]
[BlackElo "2024"]

1.c4 e5 2.g3 Nc6 3.Bg2 g6 4.e3 Bg7 5.Ne2 Nge7 6.Nbc3 d6 7.O-O O-O 8.Rb1 Be6
9.Nd5 Qd7 10.b4 a6 11.d3 f5 12.f4 Rab8 13.a4 b5 14.Ba3 e4 15.dxe4 bxc4 16.Nxe7+ Nxe7
17.Nd4 fxe4 18.Bxe4 Bg4 19.Bf3 Bxf3 20.Rxf3 Nc6 21.Nc2 Qe6 22.Rf2 Qe4 23.Qf3 Qxf3
24.Rxf3 Ne5 25.Rff1 Nd3 26.Ne1 Rfe8 27.Rf3 c5 28.Nxd3 cxd3 29.b5 Re4 30.Bc1 Rxa4
31.b6 c4 32.e4 Bd4+ 33.Be3 c3 34.Kf2 Ra2+ 35.Ke1 Re2+  0-1

[Event "Tch-POR 1st Div Final"]
[Site "Vila Nova de Gaia POR"]
[Date "2010.07.31"]
[Round "8.3"]
[White "Vasconcellos,RF"]
[Black "Diogo,V"]
[Result "0-1"]
[WhiteElo "2102"]
[BlackElo "2293"]

1.c4 e5 2.g3 Nc6 3.Bg2 g6 4.Nc3 Bg7 5.Nf3 Nge7 6.O-O O-O 7.d3 h6 8.Rb1 f5
9.e3 a5 10.Ne1 d6 11.f4 Be6 12.Nd5 Nb4 13.Nxe7+ Qxe7 14.a3 Nc6 15.b3 Qf7
16.e4 exf4 17.Rxf4 Bd4+ 18.Kh1 Qg7 19.Nc2 Be5 20.Rf1 fxe4 21.dxe4 Rxf1+ 22.Qxf1 Rf8
23.Qe2 g5 24.Be3 Qd7 25.Rf1 Rxf1+ 26.Qxf1 Qf7 27.a4 Qxf1+ 28.Bxf1 Bg4 29.Kg1 Be6
30.Bd3 Nb4 31.Nxb4 axb4 32.c5 Bxb3 33.cxd6 cxd6 34.a5 Bc3 35.Kf2 Be6 36.Bb6 b3
37.Bc7 b2 38.Bb1 Be5 39.Ke2 Kf7 40.Bb6 Kf6 41.Kf3 g4+ 42.Ke3 d5 43.Bd8+ Kg6
44.Kd2 dxe4 45.Bb6 Kf5 46.Ke3 Bd5 47.Kd2  0-1

[Event "e2e4 Autumn Challengers F"]
[Site "Uxbridge ENG"]
[Date "2010.08.12"]
[Round "3"]
[White "Tozer,Philip"]
[Black "Byron,A"]
[Result "0-1"]
[WhiteElo "2113"]
[BlackElo "2190"]

1.c4 e5 2.g3 Nf6 3.Bg2 d5 4.cxd5 Nxd5 5.Nc3 Nb6 6.Nf3 Nc6 7.O-O Be7 8.a3 Be6
9.b4 a5 10.b5 Nd4 11.Rb1 f6 12.Nh4 O-O 13.Bxb7 Ra7 14.Bg2 a4 15.e3 Nb3 16.Qh5 Qe8
17.Qd1 Qf7 18.d4 Rd8 19.Nf3 Nxc1 20.Qxc1 Nc4 21.d5 Bf5 22.e4 Bg4 23.b6 Nxb6
24.Nb5 Rb7 25.h3 Bd7 26.Nd2 Rdb8 27.Nc3 Qf8 28.f4 Bxa3 29.Qc2 Bc5+ 30.Kh2 Bd4
31.Nf3 Qc5 32.Rbc1 exf4 33.gxf4 Be3 34.Ne2 Qxc2 35.Rxc2 Bb5 36.Kg3 Bd3 37.Ra2 Bxe4
38.Nc3 Bxd5 39.Nxd5 Nxd5 40.Nd4 Nb4 41.Bxb7 Rxb7 42.Rxa4 Bxd4 43.Re1 Kf7
44.Ra8 Bc5 45.Ree8 Bd6 46.Kg4 Nd5 47.Rh8 Rb4  0-1

[Event "Open"]
[Site "Geraardsbergen BEL"]
[Date "2010.08.13"]
[Round "6"]
[White "Verhelst,J"]
[Black "Van Mechelen,J"]
[Result "1/2-1/2"]
[WhiteElo "1831"]
[BlackElo "2278"]

1.c4 e5 2.g3 Nf6 3.Bg2 c6 4.Nf3 e4 5.Nd4 d5 6.cxd5 Qxd5 7.Nb3 Qh5 8.O-O Bh3
9.f3 Bxg2 10.Kxg2 Nbd7 11.Nc3 exf3+ 12.exf3 O-O-O 13.d4 Bd6 14.Be3 Rhe8 15.Bf2 Nb6
16.Qc2 Nbd5 17.Rfe1 Bc7 18.a3 Qg6 19.Qxg6 hxg6 20.Nc5 Bb6 21.N5e4 Ba5 22.Nxd5 Nxd5
23.b4 Bb6 24.Nc5 Bxc5 25.dxc5 Rxe1 26.Rxe1 Kd7 27.Bd4 f6 28.f4 a5 29.Rb1 axb4
30.axb4 Ra8 31.b5 Ra2+ 32.Kg1 Ke6 33.bxc6 bxc6 34.Rb7 Ne7 35.g4 Rd2 36.Bf2 Rd7
37.Rb6 Kd5 38.Kg2 Nc8 39.Rb4 f5 40.g5 Na7 41.Rd4+ Ke6 42.Rxd7 Kxd7 43.Bd4 Ke6
44.Bxg7 Kd5 45.Bf8 Nb5 46.h4 Nd4 47.Kf2 Ne6 48.Bd6 Ng7 49.Ke3 Nh5 50.Kd3 Ng3
51.Ke3 Nh5  1/2-1/2

[Event "e2e4 Autumn Challengers E"]
[Site "Uxbridge ENG"]
[Date "2010.08.13"]
[Round "4"]
[White "Bailey,K"]
[Black "Garcia,Jas"]
[Result "1/2-1/2"]
[WhiteElo "2047"]
[BlackElo "2008"]

1.c4 e5 2.g3 Nc6 3.Bg2 Nf6 4.Nc3 Bb4 5.Nd5 Bc5 6.d3 d6 7.e3 O-O 8.Ne2 Nxd5
9.cxd5 Ne7 10.O-O Bg4 11.h3 Bxe2 12.Qxe2 c6 13.dxc6 Nxc6 14.Bd2  1/2-1/2

[Event "Open"]
[Site "Geraardsbergen BEL"]
[Date "2010.08.14"]
[Round "7"]
[White "Barbier,Wim"]
[Black "Peeters,T"]
[Result "1-0"]
[WhiteElo "2151"]
[BlackElo "2040"]

1.c4 e5 2.g3 Nf6 3.Bg2 c6 4.d4 exd4 5.Qxd4 Na6 6.a3 Bc5 7.Qd3 d5 8.cxd5 Nxd5
9.Nf3 Qf6 10.e4 Ne7 11.Nc3 Be6 12.Bg5 Qg6 13.O-O f6 14.Be3 Rd8 15.Qe2 Qf7
16.Rfd1 O-O 17.b4 Bc4 18.Qe1 Bxe3 19.Qxe3 b6 20.Rd4 c5 21.Rxc4 cxb4 22.Rxb4 Nxb4
23.axb4 Nc6 24.Nd5 Rfe8 25.Qf4 Rd7 26.Rc1 Ne5 27.Nxe5 fxe5 28.Qxf7+ Kxf7
29.Bh3 Rb7 30.Bc8 Rb8 31.Rc7+ Kf8 32.Bd7  1-0

[Event "e2e4 Autumn Masters A"]
[Site "Uxbridge ENG"]
[Date "2010.08.14"]
[Round "6"]
[White "Norinkeviciute,R"]
[Black "Player,E"]
[Result "0-1"]
[WhiteElo "2024"]
[BlackElo "2176"]

1.c4 e5 2.g3 Nc6 3.Bg2 g6 4.Nc3 Bg7 5.e4 d6 6.Nge2 Nge7 7.O-O h5 8.h4 Nd4
9.Nxd4 exd4 10.Ne2 O-O 11.d3 Rb8 12.a4 c5 13.Bg5 Bg4 14.f3 Bd7 15.Qd2 Kh7
16.b4 b6 17.b5 a5 18.bxa6 Ra8 19.a5 b5 20.cxb5 Bxb5 21.Rab1 Bxa6 22.Kh2 f6
23.Bf4 Nc6 24.Rb6 Qc7 25.Rfb1 Ne5 26.Nc1 Ra7 27.Qc2 Rfa8 28.Bd2 Bc8 29.f4 Ng4+
30.Kh1 Bb7 31.Qb3 Bc6 32.Kg1 Ne3 33.Bh1 Qd7 34.Kh2 Nf1+ 35.Kg1 Nxd2 36.Qc2 Nxb1
37.Qxb1 Rxa5  0-1

[Event "Open"]
[Site "Geraardsbergen BEL"]
[Date "2010.08.15"]
[Round "9"]
[White "Tonoli,W"]
[Black "Schalkx,J"]
[Result "1-0"]
[WhiteElo "2169"]
[BlackElo "2205"]

1.c4 e5 2.g3 Nc6 3.Bg2 d6 4.Nc3 Be6 5.d3 Qd7 6.e4 g6 7.Nd5 Bg7 8.Ne2 Nce7
9.O-O c6 10.Ne3 h5 11.f3 f5 12.d4 fxe4 13.d5 cxd5 14.cxd5 Bh3 15.fxe4 Nf6
16.Nc3 O-O 17.Qe2 Rac8 18.Bd2 Kh7 19.Rfc1 Bh6 20.Ncd1 Bxg2 21.Qxg2 Qa4 22.Rxc8 Nxc8
23.Nc3 Qd4 24.Re1 Ng4 25.Nd1 Rf2 26.Nxf2 Qxd2 27.Nc2 Qxc2 28.Nxg4 Qxg2+ 29.Kxg2 hxg4
30.Re2 b5 31.Rc2 Nb6 32.Rc7+ Kg8 33.Rxa7 Be3 34.b4 Na4 35.Rd7 Nc3 36.Rxd6 Kf7
37.Rd7+ Ke8 38.Rb7 Kd8 39.d6 Bd4 40.a3 g5 41.h4 gxh3+ 42.Kxh3 Kc8 43.Rg7 Nxe4
44.d7+ Kd8 45.Kg4 Nf6+ 46.Kxg5 e4 47.Rf7 Nxd7 48.Kf4  1-0

[Event "e2e4 Autumn Challengers F"]
[Site "Uxbridge ENG"]
[Date "2010.08.15"]
[Round "8"]
[White "Tozer,Philip"]
[Black "Lexton,M"]
[Result "1/2-1/2"]
[WhiteElo "2113"]
[BlackElo "2009"]

1.c4 e5 2.g3 Nc6 3.Nc3 g6 4.Bg2 Bg7 5.d3 d6 6.e4 Nge7 7.Nge2 f5 8.O-O O-O
9.Nd5 Be6 10.Rb1 Qd7 11.b4 Rae8 12.b5 Nd8 13.Bg5 Nc8 14.exf5 Bxf5 15.Bxd8 Rxd8
16.Nec3 c6 17.Ne3 Bh3 18.bxc6 bxc6 19.Bxh3 Qxh3 20.Rb7 Rd7 21.Qb3 Rdf7 22.Rxf7 Rxf7
23.Qb8 Bh6 24.Ng2 Qd7 25.Ne4 Kg7 26.c5 Qc7 27.Qb2 d5 28.Nd6 Re7 29.Nxc8 Qxc8
30.f4 Qf5 31.Re1 Qxd3 32.Rxe5 Rxe5 33.Qxe5+ Kg8 34.Qe6+ Kf8 35.Qf6+ Kg8 36.Qe6+ Kf8
37.Qd6+ Kg8 38.Qe6+  1/2-1/2

[Event "e2e4 Autumn Masters A"]
[Site "Uxbridge ENG"]
[Date "2010.08.15"]
[Round "8"]
[White "Sowray,P"]
[Black "Williams,Si1"]
[Result "0-1"]
[WhiteElo "2383"]
[BlackElo "2511"]

1.c4 e5 2.g3 Nc6 3.Bg2 f5 4.Nc3 Nf6 5.d3 Bb4 6.Bd2 a5 7.e3 Bxc3 8.Bxc3 d5
9.Nf3 Qe7 10.cxd5 Nxd5 11.Nxe5 Nxc3 12.Nxc6 Nxd1 13.Nxe7 Nxe3 14.fxe3 Kxe7
15.Kd2 Be6 16.Rac1 Kd6 17.Bxb7 Rab8 18.Bf3 Rxb2+ 19.Rc2 Rhb8 20.a3 R8b3 21.Ra1 Bd7
22.Ra2 Rb1 23.d4 Rf1 24.Be2 Rf2 25.Rc5 Rxh2 26.a4 f4 27.exf4 Bg4 28.Re5 Rxg3  0-1

[Event "6th Prospero A Pichay Cup"]
[Site "Manila PHI"]
[Date "2010.08.21"]
[Round "1"]
[White "Gonzales,Jay"]
[Black "Milagrosa,A"]
[Result "1-0"]
[WhiteElo "2435"]
[BlackElo "2248"]

1.c4 e5 2.g3 Nc6 3.Bg2 Nf6 4.Nc3 Bb4 5.Nd5 Bc5 6.e3 O-O 7.Ne2 Re8 8.O-O Bf8
9.d4 d6 10.b3 Bg4 11.f3 Bd7 12.e4 Nxd5 13.cxd5 Nxd4 14.Nxd4 exd4 15.Qxd4 c5
16.dxc6 Bxc6 17.Ba3 Qa5 18.Bb4 Qe5 19.Rfd1 Qxd4+ 20.Rxd4 Be7 21.Rad1 f5 22.exf5 Bd8
23.R4d2 Bb6+ 24.Kh1 d5 25.f4 d4 26.Bd6 Re3 27.Be5 Rd8 28.Bxc6 bxc6 29.Bxd4 Bxd4
30.Rxd4 Rxd4 31.Rxd4 h5 32.Rc4 Re2 33.a4  1-0

[Event "6th Prospero A Pichay Cup"]
[Site "Manila PHI"]
[Date "2010.08.21"]
[Round "1"]
[White "Bagamasbad,E"]
[Black "Haznedaroglu,K"]
[Result "1-0"]
[WhiteElo "2259"]
[BlackElo "2501"]

1.c4 e5 2.g3 g6 3.Bg2 Bg7 4.Nc3 Nc6 5.d3 f5 6.e3 Nf6 7.Nge2 O-O 8.O-O d6
9.Rb1 a5 10.a3 Be6 11.Nd5 Bf7 12.Nec3 Qd7 13.b4 axb4 14.axb4 Rae8 15.b5 Nd8
16.e4 Kh8 17.Nxf6 Bxf6 18.Nd5 Bg7 19.b6 cxb6 20.Rxb6 Nc6 21.Be3 Rb8 22.Qb1 Be6
23.Qb5 Rf7 24.Rb1 Nd8 25.Qb4 Nc6 26.Qa3 f4 27.gxf4 Bh3 28.f3 exf4 29.Nxf4 Bxg2
30.Kxg2 Be5 31.Rxc6 Qxc6 32.Nd5 b5 33.Qc1 Qd7 34.Qd1 Ra8 35.f4 Ra2+ 36.Kg3 h5
37.h4 bxc4 38.fxe5 Rf1 39.Rb8+ Kg7 40.e6 Qxe6 41.Bd4+  1-0

[Event "25th Open"]
[Site "Schwarzach AUT"]
[Date "2010.08.21"]
[Round "1"]
[White "Wimmer,A"]
[Black "Palac,M"]
[Result "0-1"]
[WhiteElo "2075"]
[BlackElo "2562"]

1.g3 e5 2.c4 Nf6 3.Bg2 d5 4.cxd5 Nxd5 5.Nc3 Nb6 6.Nf3 Nc6 7.d3 Be7 8.a3 Be6
9.O-O O-O 10.b4 Nd4 11.Bb2 Bb3 12.Qd2 Nxf3+ 13.Bxf3 c6 14.Ne4 Bd5 15.Qc2 f6
16.Bc3 Qd7 17.Nd2 c5 18.bxc5 Bxc5 19.Bxd5+ Nxd5 20.Qb3 Kh8 21.Bb2 Ne3 22.fxe3 Bxe3+
23.Kg2 Bxd2 24.Bc1 Bxc1 25.Raxc1 Rac8 26.a4 b6 27.Qb5 Qg4 28.Rce1 Rc5 29.Qb3 Rfc8
30.Qf7 R5c7 31.Qb3 h6 32.h3 Qd7 33.Qb5 Qe6 34.Kh2 Rc2 35.Qb1 Qd7 36.Qb5 Qxb5
37.axb5 R8c5  0-1

[Event "Pan-Armenian Olym"]
[Site "Yerevan ARM"]
[Date "2010.08.21"]
[Round "7"]
[White "Mirumian,V"]
[Black "Arutinian,D"]
[Result "1/2-1/2"]
[WhiteElo "2504"]
[BlackElo "2573"]

1.g3 e5 2.c4 Nc6 3.Bg2 g6 4.Nc3 Bg7 5.Nf3 d6 6.O-O Be6 7.d3 h6 8.Rb1 Nf6
9.b4 a6 10.a4 O-O 11.b5 axb5 12.axb5 Ne7 13.Bb2 Nd7 14.Nd2 c6 15.Ra1 Rxa1
16.Qxa1 Qc7 17.Rc1 Nc5 18.Nce4 Nxe4 19.Nxe4 cxb5 20.cxb5 Qb6 21.Qa3  1/2-1/2